000 00829nam a2200253Ia 4500
003 GCL
008 140319s9999 xx 000 0 ara d
020 _a044291197
040 _aGCL /
_cGCL
082 0 4 _a951
_bد ص
245 1 0 _aالصين 2006
250 _aالاولى
260 _aالصين :
_bدار النشر باللغات الاجنبية ،
_c2006
300 _a270 ص ؛
_c20 سم
650 0 4 _aالصين - تاريخ
650 0 4 _aالتعليم - الصين
650 0 4 _aالصين - الاحوال السياسية
650 0 4 _aالصين القديم - تاريخ
650 0 4 _aالصين - الاحوال الثقافية
650 0 4 _aالصين - الجغرافيا الطبيعية
650 0 4 _aالصين - الصناعات
650 0 4 _aالزراعة - الصين
942 _2ddc
_cBK
999 _c9069
_d9069